00606 2200181 4500001002100000005001500021035002000036245002600056100001800082250001200100300002800112700017900140260004100319082001000360084001600370020002200386990001600408INLIS00000000000206720191107101113 a0010-11190000211 aAyah /cAndrea Hirata0 aAndrea Hirata aCet1.-- axx + 412 hlm ;c20,5 cm0 aPenyunting Imam Risdiyanto ; Perancang Sampul Andreas Kusumahadi ; Pemeriksa Aksara Intan & Fitriana ; Penata Aksara Martin Buezer & Tri Raharjo ; Digitalisasi Rahmat Tsani ; aYogyakarta :bBentang Pustaka,c2015 a808.3 a808.3 AND a a978-602-291-102-9 a00000001794